Obras III. Democracia y utopa̕: la tensin̤ permanente

Detalles Bibliográficos
Autor principal: Lechner, Norbert
Formato: Libro
Lenguaje:español
Publicado: Mx̌ico Fondo de Cultura Econm̤ica 2014
Materias:
Acceso en línea:Acceso restringido

MARC

LEADER 00000nam a22000007a 4500
005 20151203122037.0
007 cr|||| ||u|
008 151203s2014 mx ||||| |||| 00||0 spa d
020 |a 978-607-9275-43-3 
035 |a 12961 
040 |a vLex 
090 |c 5725  |d 5725 
100 1 |a Lechner, Norbert 
245 1 0 |a Obras III. Democracia y utopa̕: la tensin̤ permanente  |h [Recurso electrn̤ico] /  |c Norbert Lechner  
256 |a Servicio en ln̕ea 
260 |a Mx̌ico  |b Fondo de Cultura Econm̤ica  |c 2014 
300 |a 1 recurso electrn̤ico (417 Pg̀inas). 
506 1 |a Contenido solo disponible en los productos indicados  |d vLex Global  |d vLex Global (Academic Edition, excluding Law Schools)  |d vLex Global (U.S. Academic Edition, Law Schools)  |d vLex Global (U.S. Academic Edition, excluding Law Schools)  |d vLex Global (Academic Edition, Law Schools) 
650 0 4 |a Democracia  |z Mx̌ico 
740 0 |a vLex libros (servicio en ln̕ea) 
856 4 0 |u http://vlex.com/source/obras-iii-democracia-utopia-tension-permanente-12961  |z Acceso restringido  
942 |c BOOK 
999 0 |a Democracy